| Tag |
First Indicator |
Second Indicator |
Subfields |
| LEADER |
00000pam a2200000 a 4500 |
| 001 |
in00000092373 |
| 005 |
20150923132125.0 |
| 008 |
810422s1982 ctu b 00110 eng |
| 010 |
|
|
|a 81004246
|
| 020 |
|
|
|a 0313229007 (lib. bdg.)
|
| 035 |
|
|
|a (OCoLC)07459658
|
| 035 |
|
|
|9 AAK7457AM
|
| 039 |
0 |
|
|a 2
|b 3
|c 3
|d 3
|e 3
|
| 040 |
|
|
|a DLC
|c DLC
|d TXA
|d UtOrBLW
|
| 049 |
|
|
|a TXAM
|c [1633333]
|
| 050 |
0 |
0 |
|a UB416
|b Y68 1982
|
| 082 |
0 |
|
|a 306/.2
|2 19
|
| 100 |
1 |
|
|a Young, Warren L.
|
| 245 |
1 |
0 |
|a Minorities and the military :
|b a cross-national study in world perspective /
|c Warren L. Young.
|
| 264 |
|
1 |
|a Westport, Conn. :
|b Greenwood Press,
|c 1982.
|
| 300 |
|
|
|a xii, 357 pages ;
|c 22 cm.
|
| 336 |
|
|
|a text
|b txt
|2 rdacontent
|
| 337 |
|
|
|a unmediated
|b n
|2 rdamedia
|
| 338 |
|
|
|a volume
|b nc
|2 rdacarrier
|
| 490 |
1 |
|
|a Contributions in ethnic studies,
|x 0196-7088 ;
|v no. 6
|
| 500 |
|
|
|a Includes index.
|
| 504 |
|
|
|a Bibliography: pages [303]-323.
|
| 650 |
|
0 |
|a Armed Forces.
|
| 650 |
|
0 |
|a Ethnic groups.
|
| 650 |
|
0 |
|a Sociology, Military.
|
| 650 |
|
0 |
|a Minorities.
|
| 830 |
|
0 |
|a Contributions in ethnic studies ;
|v no. 6.
|
| 999 |
|
|
|a MARS
|
| 999 |
f |
f |
|s 5e914241-d86b-32a1-a963-e0d037887d8a
|i 6307fec9-27d7-3a3c-9cf5-91a34d386517
|t 0
|
| 952 |
f |
f |
|p ric
|a Texas A&M University
|b Rellis Campus
|c Joint Library Facility
|d Remote Storage
|t 0
|e UB416 Y68 1982
|h Library of Congress classification
|i unmediated -- volume
|m A14806007722
|
| 998 |
f |
f |
|a UB416 Y68 1982
|t 0
|l Remote Storage
|